Sports Quiz

Random Sports Quiz

Gli attacchi dell'Italia agli Europei Quiz Stats

 Plays Quiz not verified by Sporcle

Challenge
Share
Tweet
Embed
Score 0/27 Timer 04:00
0 Plays Today
Hint Answer % Correct
2000Totti
96.8%
2004Totti
96.8%
1996Del Piero
96%
2000Del Piero
96%
2004Del Piero
96%
2008Del Piero
95.7%
2012Balotelli
86.7%
2000Inzaghi
86.3%
2004Vieri
86%
2008Toni
85.3%
2008Di Natale
82.7%
2012Di Natale
82.7%
2004Cassano
82%
2008Cassano
81.9%
Hint Answer % Correct
2012Cassano
81.9%
2000Delvecchio
68.3%
2000Montella
65.8%
1996Zola
59%
1996Ravanelli
57.6%
2008Quagliarella
53.6%
2012Giovinco
50%
1996Casiraghi
47.8%
1996Chiesa
42.8%
2008Borriello
37.1%
2012Borini
35.6%
2004Di Vaio
31.7%
2004Corradi
30.2%

You're not logged in!

Compare scores with friends on all Sporcle quizzes.
Join for Free
OR
Log In

You Might Also Like...

Show Comments

Extras

Created Apr 21, 2016ReportNominate
Tags:1996, dal

Top Quizzes Today


Score Distribution

Your Account Isn't Verified!

In order to create a playlist on Sporcle, you need to verify the email address you used during registration. Go to your Sporcle Settings to finish the process.

Report this User

Report this user for behavior that violates our Community Guidelines.

Details: